[Event "M.I. Dvoretsky Memorial 2022"]
[Site "Moscow, Russia"]
[Date "2022.12.10"]
[Round "2.2"]
[White "Makarian, Rudik"]
[Black "Riazantsev, Alexander"]
[Result "1/2-1/2"]
[TimeControl "45'+15\""]
[WhiteTitle "IM"]
[BlackTitle "GM"]
[WhiteFideId "44105681"]
[BlackFideId "4125029"]
[WhiteElo "2554"]
[BlackElo "2626"]

1. Nf3 {[%clk 00:45:21]} {[%emt 00:00:07]} d5 {[%clk 00:44:49]} {[%emt
00:00:42]} 2. g3 {[%clk 00:45:31]} {[%emt 00:00:04]} g6 {[%clk 00:44:54]}
{[%emt 00:00:11]} 3. c4 {[%clk 00:45:39]} {[%emt 00:00:07]} c6 {[%clk
00:42:46]} {[%emt 00:02:23]} 4. Qa4 {[%clk 00:45:43]} {[%emt 00:00:11]} Nd7
{[%clk 00:35:42]} {[%emt 00:07:19]} 5. cxd5 {[%clk 00:45:17]} {[%emt 00:00:42]}
cxd5 {[%clk 00:35:51]} {[%emt 00:00:06]} 6. Nc3 {[%clk 00:45:10]} {[%emt
00:00:21]} Ngf6 {[%clk 00:35:22]} {[%emt 00:00:44]} 7. Bg2 {[%clk 00:45:10]}
{[%emt 00:00:14]} Bg7 {[%clk 00:35:10]} {[%emt 00:00:27]} 8. d3 {[%clk
00:45:17]} {[%emt 00:00:09]} O-O {[%clk 00:33:51]} {[%emt 00:01:34]} 9. O-O
{[%clk 00:43:45]} {[%emt 00:01:47]} Nb6 {[%clk 00:25:43]} {[%emt 00:08:24]} 10.
Qb4 {[%clk 00:42:11]} {[%emt 00:01:48]} Bg4 {[%clk 00:24:33]} {[%emt 00:01:25]}
11. Ne5 {[%clk 00:40:22]} {[%emt 00:02:04]} Be6 {[%clk 00:21:44]} {[%emt
00:03:03]} 12. Be3 {[%clk 00:35:57]} {[%emt 00:04:39]} Nbd7 {[%clk 00:15:58]}
{[%emt 00:06:02]} 13. Nf3 {[%clk 00:32:15]} {[%emt 00:03:57]} Bg4 {[%clk
00:07:07]} {[%emt 00:09:06]} 14. Qxb7 {[%clk 00:26:05]} {[%emt 00:06:25]} Bxf3
{[%clk 00:05:59]} {[%emt 00:01:24]} 15. Bxf3 {[%clk 00:26:13]} {[%emt
00:00:06]} Ne5 {[%clk 00:04:53]} {[%emt 00:01:22]} 16. Bxa7 {[%clk 00:23:02]}
{[%emt 00:03:26]} Nxf3+ {[%clk 00:03:44]} {[%emt 00:01:24]} 17. exf3 {[%clk
00:22:39]} {[%emt 00:00:38]} Qd7 {[%clk 00:03:58]} {[%emt 00:00:01]} 18. Qxd7
{[%clk 00:22:17]} {[%emt 00:00:37]} Nxd7 {[%clk 00:04:12]} {[%emt 00:00:01]} 19.
Nb5 {[%clk 00:22:18]} {[%emt 00:00:13]} Bxb2 {[%clk 00:01:53]} {[%emt
00:02:33]} 20. Rab1 {[%clk 00:22:24]} {[%emt 00:00:10]} Bf6 {[%clk 00:02:02]}
{[%emt 00:00:06]} 21. f4 {[%clk 00:17:36]} {[%emt 00:05:03]} e5 {[%clk
00:01:22]} {[%emt 00:00:55]} 22. fxe5 {[%clk 00:14:14]} {[%emt 00:03:36]} Nxe5
{[%clk 00:01:30]} {[%emt 00:00:07]} 23. Rfd1 {[%clk 00:14:25]} {[%emt
00:00:04]} Nc6 {[%clk 00:01:14]} {[%emt 00:00:31]} 24. Bc5 {[%clk 00:14:29]}
{[%emt 00:00:11]} Rfd8 {[%clk 00:00:34]} {[%emt 00:00:56]} 25. a3 {[%clk
00:13:38]} {[%emt 00:01:05]} d4 {[%clk 00:00:30]} {[%emt 00:00:19]} 26. Kg2
{[%clk 00:13:26]} {[%emt 00:00:27]} Ra4 {[%clk 00:00:38]} {[%emt 00:00:07]} 27.
Rdc1 {[%clk 00:12:37]} {[%emt 00:01:04]} Ne5 {[%clk 00:00:19]} {[%emt
00:00:34]} 28. Bb6 {[%clk 00:12:17]} {[%emt 00:00:35]} Rd7 {[%clk 00:00:18]}
{[%emt 00:00:16]} 29. Rb3 {[%clk 00:10:24]} {[%emt 00:02:07]} Be7 {[%clk
00:00:32]} 30. f4 {[%clk 00:09:06]} {[%emt 00:01:33]} Ng4 {[%clk 00:00:19]}
{[%emt 00:00:28]} 31. h3 {[%clk 00:09:02]} {[%emt 00:00:19]} Ne3+ {[%clk
00:00:19]} {[%emt 00:00:16]} 32. Kf3 {[%clk 00:09:08]} {[%emt 00:00:08]} Nf5
{[%clk 00:00:21]} {[%emt 00:00:14]} 33. g4 {[%clk 00:08:10]} {[%emt 00:01:12]}
Nd6 {[%clk 00:00:19]} {[%emt 00:00:17]} 34. Nxd4 {[%clk 00:07:28]} {[%emt
00:00:57]} Bf6 {[%clk 00:00:33]} {[%emt 00:00:01]} 35. Nc6 {[%clk 00:07:32]}
{[%emt 00:00:11]} Rb7 {[%clk 00:00:40]} {[%emt 00:00:09]} 36. Rcb1 {[%clk
00:07:31]} {[%emt 00:00:15]} h6 {[%clk 00:00:22]} {[%emt 00:00:32]} 37. Bc5
{[%clk 00:07:31]} {[%emt 00:00:15]} Rc7 {[%clk 00:00:18]} {[%emt 00:00:20]} 38.
Bxd6 {[%clk 00:06:56]} {[%emt 00:00:49]} Rxc6 {[%clk 00:00:32]} {[%emt
00:00:01]} 39. Rb8+ {[%clk 00:06:43]} {[%emt 00:00:28]} Kh7 {[%clk 00:00:38]}
{[%emt 00:00:09]} 40. R1b6 {[%clk 00:05:48]} {[%emt 00:01:10]} Rc3 {[%clk
00:00:23]} {[%emt 00:00:30]} 41. Rb3 {[%clk 00:04:44]} {[%emt 00:01:20]} Rc6
{[%clk 00:00:37]} 42. R8b6 {[%clk 00:04:58]} {[%emt 00:00:02]} Rc2 {[%clk
00:00:29]} {[%emt 00:00:23]} 43. Rb7 {[%clk 00:04:32]} {[%emt 00:00:41]} Kg7
{[%clk 00:00:42]} {[%emt 00:00:02]} 44. Rd7 {[%clk 00:04:36]} {[%emt 00:00:10]}
Rd2 {[%clk 00:00:17]} {[%emt 00:00:40]} 45. Ke3 {[%clk 00:03:40]} {[%emt
00:01:11]} Rb2 {[%clk 00:00:18]} {[%emt 00:00:14]} 46. Rxb2 {[%clk 00:03:23]}
{[%emt 00:00:32]} Bxb2 {[%clk 00:00:32]} {[%emt 00:00:01]} 47. Rb7 {[%clk
00:03:28]} {[%emt 00:00:09]} Bc1+ {[%clk 00:00:25]} {[%emt 00:00:22]} 48. Kf3
{[%clk 00:03:35]} {[%emt 00:00:08]} Kf6 {[%clk 00:00:23]} {[%emt 00:00:17]} 49.
Rb1 {[%clk 00:03:31]} {[%emt 00:00:20]} Ke6 {[%clk 00:00:22]} {[%emt 00:00:17]}
50. Rxc1 {[%clk 00:03:30]} {[%emt 00:00:16]} Kxd6 {[%clk 00:00:36]} {[%emt
00:00:01]} 51. Rc3 {[%clk 00:03:41]} {[%emt 00:00:03]} g5 {[%clk 00:00:22]}
{[%emt 00:00:30]} 52. fxg5 {[%clk 00:03:37]} {[%emt 00:00:19]} hxg5 {[%clk
00:00:36]} {[%emt 00:00:01]} 53. Ke3 {[%clk 00:03:49]} {[%emt 00:00:03]} Kd5
{[%clk 00:00:31]} {[%emt 00:00:20]} 54. Rb3 {[%clk 00:03:54]} {[%emt 00:00:10]}
f6 {[%clk 00:00:45]} {[%emt 00:00:01]} 55. Rb6 {[%clk 00:03:59]} {[%emt
00:00:10]} Ke5 {[%clk 00:00:38]} {[%emt 00:00:22]} 56. Rb3 {[%clk 00:03:49]}
{[%emt 00:00:25]} Kd5 {[%clk 00:00:29]} {[%emt 00:00:25]} 57. d4 {[%clk
00:02:33]} {[%emt 00:01:30]} Ra8 {[%clk 00:00:43]} {[%emt 00:00:01]} 58. Rb5+
{[%clk 00:01:39]} {[%emt 00:01:09]} Ke6 {[%clk 00:00:57]} 59. Rb3 {[%clk
00:01:46]} {[%emt 00:00:08]} Kd5 {[%clk 00:01:10]} {[%emt 00:00:02]} 60. Kd3
{[%clk 00:01:19]} {[%emt 00:00:41]} Rh8 {[%clk 00:01:15]} {[%emt 00:00:11]} 61.
Rb5+ {[%clk 00:01:33]} Ke6 {[%clk 00:00:57]} {[%emt 00:00:33]} 62. Rb6+ {[%clk
00:01:36]} {[%emt 00:00:13]} Kd5 {[%clk 00:01:10]} {[%emt 00:00:02]} 63. Rb5+
{[%clk 00:01:48]} {[%emt 00:00:03]} Ke6 {[%clk 00:00:46]} {[%emt 00:00:39]} 64.
Ke4 {[%clk 00:01:07]} {[%emt 00:00:56]} Rxh3 {[%clk 00:00:57]} {[%emt
00:00:04]} 65. d5+ {[%clk 00:01:19]} {[%emt 00:00:03]} Kf7 {[%clk 00:00:17]}
{[%emt 00:00:55]} 66. Rb7+ {[%clk 00:01:28]} {[%emt 00:00:06]} Kg6 {[%clk
00:00:31]} 67. Ra7 {[%clk 00:00:35]} {[%emt 00:01:08]} Rg3 {[%clk 00:00:29]}
{[%emt 00:00:18]} 68. d6 {[%clk 00:00:48]} {[%emt 00:00:01]} Rxg4+ {[%clk
00:00:43]} {[%emt 00:00:01]} 69. Kd5 {[%clk 00:01:02]} Rg3 {[%clk 00:00:17]}
{[%emt 00:00:42]} 70. d7 {[%clk 00:00:49]} {[%emt 00:00:28]} Rd3+ {[%clk
00:00:31]} 71. Ke6 {[%clk 00:00:52]} {[%emt 00:00:12]} Re3+ {[%clk 00:00:27]}
{[%emt 00:00:19]} 72. Kd6 {[%clk 00:01:01]} {[%emt 00:00:06]} Rd3+ {[%clk
00:00:41]} {[%emt 00:00:01]} 73. Kc7 {[%clk 00:01:01]} {[%emt 00:00:15]} Rc3+
{[%clk 00:00:45]} {[%emt 00:00:11]} 74. Kb8 {[%clk 00:01:10]} {[%emt 00:00:05]}
Rd3 {[%clk 00:00:38]} {[%emt 00:00:23]} 75. Kc8 {[%clk 00:01:21]} {[%emt
00:00:04]} Rc3+ {[%clk 00:00:23]} {[%emt 00:00:30]} 76. Kb7 {[%clk 00:00:58]}
{[%emt 00:00:38]} Rd3 {[%clk 00:00:21]} {[%emt 00:00:17]} 77. Kc6 {[%clk
00:00:53]} {[%emt 00:00:20]} Rc3+ {[%clk 00:00:32]} {[%emt 00:00:04]} 78. Kb5
{[%clk 00:00:31]} {[%emt 00:00:37]} Rd3 {[%clk 00:00:41]} {[%emt 00:00:05]} 79.
Kc6 {[%clk 00:00:23]} {[%emt 00:00:23]} Rc3+ {[%clk 00:00:56]} 80. Kb5 {[%clk
00:00:24]} {[%emt 00:00:14]} Rd3 {[%clk 00:01:08]} {[%emt 00:00:02]} 81. a4
{[%clk 00:00:36]} {[%emt 00:00:03]} Kf5 {[%clk 00:00:36]} {[%emt 00:00:47]} 82.
a5 {[%clk 00:00:31]} {[%emt 00:00:20]} g4 {[%clk 00:00:31]} {[%emt 00:00:20]}
83. Rc7 {[%clk 00:00:18]} {[%emt 00:00:28]} g3 {[%clk 00:00:44]} {[%emt
00:00:03]} 84. Rc3 {[%clk 00:00:17]} {[%emt 00:00:15]} Rxd7 {[%clk 00:00:36]}
{[%emt 00:00:23]} 85. Rxg3 {[%clk 00:00:30]} {[%emt 00:00:02]} Ke4 {[%clk
00:00:33]} {[%emt 00:00:19]} 86. Rg4+ {[%clk 00:00:33]} {[%emt 00:00:12]} Ke3
{[%clk 00:00:31]} {[%emt 00:00:16]} 87. Rg3+ {[%clk 00:00:30]} {[%emt
00:00:19]} Ke4 {[%clk 00:00:43]} {[%emt 00:00:02]} 88. a6 {[%emt 00:00:12]} f5
{[%clk 00:00:51]} {[%emt 00:00:08]} 89. Ra3 {[%clk 00:00:45]} {[%emt 00:00:02]}
f4 {[%clk 00:00:20]} {[%emt 00:00:47]} 90. a7 {[%clk 00:00:56]} {[%emt
00:00:04]} Rxa7 {[%clk 00:00:23]} {[%emt 00:00:13]} 91. Rxa7 {[%clk 00:01:10]}
f3 {[%clk 00:00:25]} {[%emt 00:00:13]} 92. Kc4 {[%clk 00:01:18]} {[%emt
00:00:06]} f2 {[%clk 00:00:37]} {[%emt 00:00:03]} 93. Rf7 {[%clk 00:01:13]}
{[%emt 00:00:20]} Ke3 {[%clk 00:00:51]} {[%emt 00:00:01]} 94. Rxf2 {[%clk
00:01:07]} {[%emt 00:00:21]} Kxf2 {[%emt 00:00:01]} 1/2-1/2

[ePGN "0.1;DGT LiveChess/2.2.5"]

[Event "M.I. Dvoretsky Memorial 2022"]
[Site "Moscow, Russia"]
[Date "2022.12.11"]
[Round "3.1"]
[White "Dreev, Aleksey"]
[Black "Makarian, Rudik"]
[Result "1-0"]
[TimeControl "45'+15\""]
[WhiteTitle "GM"]
[BlackTitle "IM"]
[WhiteFideId "4100107"]
[BlackFideId "44105681"]
[WhiteElo "2606"]
[BlackElo "2554"]

1. d4 {[%clk 00:45:28]} {[%emt 00:00:01]} Nf6 {[%clk 00:45:18]} {[%emt
00:00:12]} 2. c4 {[%clk 00:45:38]} {[%emt 00:00:06]} e6 {[%clk 00:45:30]}
{[%emt 00:00:03]} 3. Nc3 {[%clk 00:45:47]} {[%emt 00:00:06]} Bb4 {[%clk
00:45:37]} {[%emt 00:00:08]} 4. Qc2 {[%clk 00:45:55]} {[%emt 00:00:07]} d5
{[%clk 00:45:44]} {[%emt 00:00:09]} 5. a3 {[%clk 00:46:01]} {[%emt 00:00:09]}
Bxc3+ {[%clk 00:45:54]} {[%emt 00:00:05]} 6. Qxc3 {[%clk 00:46:12]} {[%emt
00:00:04]} Nc6 {[%clk 00:46:03]} {[%emt 00:00:05]} 7. Bg5 {[%clk 00:42:12]}
{[%emt 00:04:15]} Ne4 {[%clk 00:45:28]} {[%emt 00:00:50]} 8. Bxd8 {[%clk
00:42:04]} {[%emt 00:00:24]} Nxc3 {[%clk 00:45:37]} {[%emt 00:00:05]} 9. Bxc7
{[%clk 00:13:34]} {[%emt 00:28:45]} Nxd4 {[%clk 00:45:26]} {[%emt 00:00:25]} 10.
Rc1 {[%clk 00:13:44]} {[%emt 00:00:06]} Na4 {[%clk 00:45:36]} {[%emt 00:00:06]}
11. cxd5 {[%clk 00:13:32]} {[%emt 00:00:26]} exd5 {[%clk 00:42:40]} {[%emt
00:03:11]} 12. Be5 {[%clk 00:08:55]} {[%emt 00:04:50]} Nc6 {[%clk 00:35:57]}
{[%emt 00:06:58]} 13. Bxg7 {[%clk 00:08:23]} {[%emt 00:00:47]} Rg8 {[%clk
00:36:05]} {[%emt 00:00:07]} 14. Bc3 {[%emt 00:05:11]} d4 {[%clk 00:34:19]} 15.
Bd2 {[%clk 00:05:41]} {[%emt 00:00:02]} Nxb2 {[%clk 00:32:24]} {[%emt
00:02:09]} 16. g3 {[%clk 00:05:55]} {[%emt 00:00:02]} Be6 {[%clk 00:28:44]}
{[%emt 00:03:55]} 17. Bg2 {[%clk 00:06:01]} {[%emt 00:00:08]} Nc4 {[%clk
00:28:35]} {[%emt 00:00:25]} 18. Nf3 {[%clk 00:04:02]} {[%emt 00:02:14]} f6
{[%clk 00:24:41]} {[%emt 00:04:09]} 19. O-O {[%clk 00:03:55]} {[%emt 00:00:21]}
Kf7 {[%clk 00:24:54]} {[%emt 00:00:03]} 20. Bf4 {[%clk 00:03:26]} {[%emt
00:00:44]} Nxa3 {[%clk 00:19:03]} {[%emt 00:06:06]} 21. Nd2 {[%clk 00:03:37]}
{[%emt 00:00:03]} Nb5 {[%clk 00:18:58]} {[%emt 00:00:20]} 22. Ne4 {[%clk
00:03:21]} {[%emt 00:00:31]} Rac8 {[%clk 00:17:51]} {[%emt 00:01:22]} 23. Rc5
{[%clk 00:03:04]} {[%emt 00:00:32]} a6 {[%clk 00:16:50]} {[%emt 00:01:17]} 24.
Rb1 {[%clk 00:03:15]} {[%emt 00:00:03]} Nca7 {[%clk 00:14:17]} {[%emt
00:02:48]} 25. Rh5 {[%clk 00:03:17]} {[%emt 00:00:13]} Kg7 {[%clk 00:13:41]}
{[%emt 00:00:52]} 26. h3 {[%clk 00:02:26]} {[%emt 00:01:05]} Bf7 {[%clk
00:11:42]} {[%emt 00:02:14]} 27. Bh6+ {[%clk 00:02:39]} {[%emt 00:00:02]} Kg6
{[%clk 00:11:23]} {[%emt 00:00:33]} 28. g4 {[%clk 00:02:53]} {[%emt 00:00:01]}
Be6 {[%clk 00:07:42]} {[%emt 00:03:56]} 29. f4 {[%clk 00:02:34]} {[%emt
00:00:34]} Bc4 {[%clk 00:06:30]} {[%emt 00:01:27]} 30. f5+ {[%clk 00:02:36]}
{[%emt 00:00:13]} Kf7 {[%clk 00:06:39]} {[%emt 00:00:06]} 31. Bf4 {[%clk
00:02:39]} {[%emt 00:00:12]} Kg7 {[%clk 00:06:22]} {[%emt 00:00:33]} 32. g5
{[%clk 00:02:21]} {[%emt 00:00:32]} Bxe2 {[%clk 00:03:35]} {[%emt 00:03:03]} 33.
gxf6+ {[%clk 00:02:34]} {[%emt 00:00:02]} Kh8 {[%clk 00:03:49]} {[%emt
00:00:01]} 34. f7 {[%clk 00:02:17]} {[%emt 00:00:31]} Rg7 {[%clk 00:03:15]}
{[%emt 00:00:49]} 35. Rh6 {[%clk 00:01:59]} {[%emt 00:00:33]} Bd3 {[%clk
00:02:30]} {[%emt 00:01:00]} 36. Re1 {[%clk 00:01:51]} {[%emt 00:00:23]} Bxe4
{[%clk 00:02:19]} {[%emt 00:00:27]} 37. Rxe4 {[%clk 00:01:43]} {[%emt
00:00:23]} Rxf7 {[%clk 00:02:33]} {[%emt 00:00:02]} 38. Be5+ {[%clk 00:01:29]}
{[%emt 00:00:28]} Kg8 {[%clk 00:02:47]} {[%emt 00:00:01]} 39. Rg4+ {[%clk
00:01:26]} {[%emt 00:00:17]} Kf8 {[%clk 00:02:57]} {[%emt 00:00:05]} 40. Bd5
{[%clk 00:01:28]} {[%emt 00:00:13]} Rc6 {[%clk 00:01:29]} {[%emt 00:01:44]} 41.
f6 {[%clk 00:01:09]} {[%emt 00:00:34]} d3 {[%clk 00:00:21]} {[%emt 00:01:23]}
42. Rxh7 {[%clk 00:01:21]} {[%emt 00:00:03]} Rc1+ {[%clk 00:00:18]} {[%emt
00:00:19]} 43. Kh2 {[%clk 00:01:26]} {[%emt 00:00:09]} Rc2+ {[%clk 00:00:30]}
{[%emt 00:00:03]} 44. Kg3 {[%clk 00:01:33]} {[%emt 00:00:08]} 1-0

[Event "M.I. Dvoretsky Memorial 2022"]
[Site "Moscow, Russia"]
[Date "2022.12.11"]
[Round "3.3"]
[White "Grebnev, Aleksey"]
[Black "Popov, Ivan"]
[Result "1-0"]
[TimeControl "45'+15\""]
[WhiteTitle "IM"]
[BlackTitle "GM"]
[WhiteFideId "34189030"]
[BlackFideId "4170350"]
[WhiteElo "2486"]
[BlackElo "2627"]

1. c4 {[%clk 00:45:26]} {[%emt 00:00:03]} e6 {[%clk 00:45:22]} {[%emt
00:00:08]} 2. Nc3 {[%clk 00:45:27]} {[%emt 00:00:15]} d5 {[%clk 00:45:30]}
{[%emt 00:00:07]} 3. d4 {[%clk 00:45:32]} {[%emt 00:00:10]} Nf6 {[%clk
00:45:32]} {[%emt 00:00:13]} 4. cxd5 {[%clk 00:45:40]} {[%emt 00:00:07]} exd5
{[%clk 00:45:42]} {[%emt 00:00:05]} 5. Bg5 {[%clk 00:45:50]} {[%emt 00:00:05]}
c6 {[%clk 00:45:44]} {[%emt 00:00:13]} 6. e3 {[%clk 00:46:00]} {[%emt
00:00:06]} Bd6 {[%clk 00:45:38]} {[%emt 00:00:21]} 7. Bd3 {[%clk 00:45:57]}
{[%emt 00:00:18]} O-O {[%clk 00:45:43]} {[%emt 00:00:09]} 8. Nge2 {[%clk
00:43:14]} {[%emt 00:02:58]} Re8 {[%clk 00:45:34]} {[%emt 00:00:24]} 9. h3
{[%clk 00:41:43]} {[%emt 00:01:46]} Nbd7 {[%clk 00:45:27]} {[%emt 00:00:22]} 10.
Qc2 {[%clk 00:40:36]} {[%emt 00:01:23]} Nf8 {[%clk 00:45:11]} {[%emt 00:00:31]}
11. O-O-O {[%clk 00:34:22]} {[%emt 00:06:29]} a5 {[%clk 00:37:34]} {[%emt
00:07:51]} 12. g4 {[%clk 00:34:18]} {[%emt 00:00:19]} b5 {[%clk 00:36:50]}
{[%emt 00:00:59]} 13. Bf4 {[%clk 00:26:37]} {[%emt 00:07:57]} a4 {[%clk
00:30:16]} {[%emt 00:06:49]} 14. Kb1 {[%clk 00:22:07]} {[%emt 00:04:43]} Ba6
{[%clk 00:20:21]} {[%emt 00:10:10]} 15. Bxd6 {[%clk 00:21:31]} {[%emt
00:00:51]} Qxd6 {[%clk 00:20:34]} {[%emt 00:00:02]} 16. Ng3 {[%clk 00:21:37]}
{[%emt 00:00:10]} N6d7 {[%clk 00:06:56]} {[%emt 00:13:52]} 17. Nf5 {[%clk
00:17:21]} {[%emt 00:04:31]} Qb8 {[%clk 00:07:10]} {[%emt 00:00:02]} 18. Ne2
{[%clk 00:15:31]} {[%emt 00:02:05]} g6 {[%clk 00:03:21]} {[%emt 00:04:03]} 19.
Nh6+ {[%clk 00:09:49]} {[%emt 00:05:57]} Kg7 {[%clk 00:03:35]} {[%emt
00:00:01]} 20. g5 {[%clk 00:09:58]} {[%emt 00:00:06]} Rc8 {[%clk 00:03:23]}
{[%emt 00:00:27]} 21. f4 {[%clk 00:06:00]} {[%emt 00:04:14]} b4 {[%clk
00:00:46]} {[%emt 00:02:52]} 22. Bxa6 {[%clk 00:05:00]} {[%emt 00:01:15]} Rxa6
{[%clk 00:00:57]} {[%emt 00:00:04]} 23. Qd2 {[%clk 00:02:38]} {[%emt 00:02:38]}
f5 {[%clk 00:00:30]} {[%emt 00:00:42]} 24. h4 {[%clk 00:02:36]} {[%emt
00:00:17]} Qb5 {[%clk 00:00:23]} {[%emt 00:00:22]} 25. h5 {[%clk 00:02:18]}
{[%emt 00:00:33]} Nb6 {[%clk 00:00:33]} {[%emt 00:00:04]} 26. hxg6 {[%clk
00:02:23]} {[%emt 00:00:10]} hxg6 {[%clk 00:00:47]} {[%emt 00:00:02]} 27. Ng3
{[%clk 00:01:52]} {[%emt 00:00:46]} b3 {[%clk 00:00:23]} {[%emt 00:00:38]} 28.
Nhxf5+ {[%clk 00:00:29]} {[%emt 00:01:39]} gxf5 {[%clk 00:00:37]} {[%emt
00:00:01]} 29. Nxf5+ {[%clk 00:00:32]} {[%emt 00:00:12]} Kg6 {[%clk 00:00:50]}
30. Nd6 {[%clk 00:00:17]} {[%emt 00:00:30]} bxa2+ {[%clk 00:00:57]} {[%emt
00:00:09]} 31. Ka1 {[%clk 00:00:31]} Qb3 {[%clk 00:01:08]} {[%emt 00:00:03]} 32.
f5+ {[%clk 00:00:28]} {[%emt 00:00:19]} Kg7 {[%clk 00:01:18]} {[%emt 00:00:05]}
33. Qh2 {[%clk 00:00:23]} {[%emt 00:00:19]} 1-0